000 00522nam a2200193Ia 4500
999 _c1683
_d1683
003 OSt
005 20200928130354.0
008 190216s9999||||xx |||||||||||||| ||und||
020 _a9814126497
040 _coclc
082 _a581.4
_bESA/A
100 _a Esau, Katherine
_94875
245 0 _aAnatomy Of Seed Plants /
_cKatherine Esau
250 _a2nd Ed.
260 _bWiley Eastern Ltd,
_c1997.
_aDelhi:
300 _a550p
650 _aBotany
942 _cBK
_2ddc
_h581.4
_iESA/A
_k581.4
_mESA/A